000
00206nam a22000977a 4500
041
_a
eng
080
_a
80
100
_a
Clason, W. E.
245
_a
Lexicon of International and National Units.
999
_c
280698
_d
280698
942
_c
BK